Let Love Be Your Greatest: (Record no. 3312)

MARC details
000 -LEADER
fixed length control field 00504nam a2200181Ia 4500
003 - CONTROL NUMBER IDENTIFIER
control field GBCCL
005 - DATE AND TIME OF LATEST TRANSACTION
control field 20241126110452.0
008 - FIXED-LENGTH DATA ELEMENTS--GENERAL INFORMATION
fixed length control field 171124b xxu||||| |||| 00| 0 eng d
020 ## - INTERNATIONAL STANDARD BOOK NUMBER
International Standard Book Number 38782275129
040 ## - CATALOGING SOURCE
Transcribing agency gbc
082 ## - DEWEY DECIMAL CLASSIFICATION NUMBER
Classification number 306.8
Item number WES
100 ## - MAIN ENTRY--PERSONAL NAME
Personal name Friesen, Delores
9 (RLIN) 6802
245 ## - TITLE STATEMENT
Title Let Love Be Your Greatest:
Remainder of title A Study Guide to a Happy Marriage /
Statement of responsibility, etc. Delores Friesen
260 ## - PUBLICATION, DISTRIBUTION, ETC.
Name of publisher, distributor, etc. Editions Trobisch,
Place of publication, distribution, etc. Germany:
Date of publication, distribution, etc. 1985
300 ## - PHYSICAL DESCRIPTION
Extent 142p.;
Dimensions 18 cm.
650 ## - SUBJECT ADDED ENTRY--TOPICAL TERM
Topical term or geographic name entry element Marriage
9 (RLIN) 2123
942 ## - ADDED ENTRY ELEMENTS (KOHA)
Source of classification or shelving scheme Dewey Decimal Classification
Koha item type Books
Koha issues (borrowed), all copies 7
Holdings
Withdrawn status Lost status Source of classification or shelving scheme Damaged status Not for loan Home library Current Library Shelving location Date acquired Total checkouts Total renewals Full call number Barcode Date last seen Date last checked out Copy number Price effective from Koha item type
    Dewey Decimal Classification     GRACE BIBLE COLLEGE GRACE BIBLE COLLEGE General Studies 2017-11-24 7 2 306.8 WES 003354 2025-05-01 2024-09-11 c.1 2017-11-24 Books
© Grace Bible College Library 2025